La argumentación en el aula: una propuesta analítica (Record no. 188050)
[ view plain ]
| 000 -CABECERA | |
|---|---|
| campo de control de longitud fija | 01683nab a2200265 a 4500 |
| 005 - FECHA Y HORA DE LA ÚLTIMA TRANSACCIÓN | |
| campo de control | 20250319174346.0 |
| 008 - ELEMENTOS DE LONGITUD FIJA--INFORMACIÓN GENERAL | |
| campo de control de longitud fija | 991125c2017 sp qr p o 000 0 spa d |
| 035 ## - NÚMERO DE CONTROL DEL SISTEMA | |
| Número de control de sistema | UPN01000215950 |
| 040 ## - FUENTE DE LA CATALOGACIÓN | |
| Centro catalogador/agencia de origen | UPN |
| Lengua de catalogación | spa |
| Centro/agencia transcriptor | UPN |
| Normas de descripción | aacr2 |
| 049 ## - COLECCIÓN | |
| Colección | ART-E |
| 100 1# - ASIENTO PRINCIPAL--NOMBRE PERSONAL | |
| Nombre de persona | Cubero Pérez, Mercedes |
| 100 1# - ASIENTO PRINCIPAL--NOMBRE PERSONAL | |
| Nombre de persona | Santamaría Santiagosa, Andrés |
| 100 1# - ASIENTO PRINCIPAL--NOMBRE PERSONAL | |
| Nombre de persona | Barragán Felipe, Alejandro |
| 245 13 - MENCIÓN DE TÍTULO | |
| Título | La argumentación en el aula: una propuesta analítica |
| 506 0# - NOTA DE RESTRICCIONES AL ACCESO | |
| Limitaciones de acceso | Acceso abierto |
| 520 3# - NOTA DE RESUMEN, ETC. | |
| Sumario, etc. | Se hace una propuesta de análisis con objeto de identificar y describir distintos modos de argumentación en el aula. Esta propuesta se sustenta en una visión retóricoargumentativa del pensamiento y en la defensa de la existencia de una heterogeneidad de estas formas de argumentar. Se presentará cuáles pueden ser algunos de los modos predominantes de argumentar de docentes y estudiantes, cómo se relacionan, qué dificultades tienen los estudiantes con determinados modos de argumentar, o los puentes que los docentes pueden trazar ante tales problemas. Se mostrarán algunos extractos de transcripciones obtenidas durante observaciones etnográficas en un aula de educación de personas adultas. Se tratará de constatar que las distintas formas de argumentar no se distribuyen de igual manera entre la profesora y las alumnas. |
| 650 #2 - ASIENTO SECUNDARIO DE MATERIA - TERMINO TEMATICO | |
| Término de materia o nombre geográfico como elemento de entrada | Argumentación |
| 9 (RLIN) | 7841 |
| 650 #4 - ASIENTO SECUNDARIO DE MATERIA - TERMINO TEMATICO | |
| Término de materia o nombre geográfico como elemento de entrada | Educación de adultos |
| 9 (RLIN) | 956 |
| 650 #7 - ASIENTO SECUNDARIO DE MATERIA - TERMINO TEMATICO | |
| Término de materia o nombre geográfico como elemento de entrada | Discurso |
| 9 (RLIN) | 22657 |
| 773 ## - ENLACE AL DOCUMENTO FUENTE/ENTRADA DE REGISTRO ANFITRIÓN | |
| Parte(s) relacionada(s) | No. 72 (2017), p. 78-100 |
| Título | Aposta : revista de ciencias sociales |
| Número Internacional Normalizado para Publicaciones Seriadas | 1696-7348 |
| 856 4# - LOCALIZACIÓN Y ACCESO ELECTRÓNICOS | |
| Identificador Uniforme del Recurso | <a href="https://www.apostadigital.com/revistav3/hemeroteca/mcubero.pdf">https://www.apostadigital.com/revistav3/hemeroteca/mcubero.pdf</a> |
| 902 ## - ELEMENTOS DE DATOS B LOCAL, LDB (RLIN) | |
| Creó | Gloria Jiménez/1124 |
| 905 ## - TIPO DE MATERIAL | |
| Tipo de material | Articulo |
| 942 ## - ELEMENTOS DE PUNTO DE ACCESO ADICIONAL (KOHA) | |
| Tipo de ítem Koha | Artículo Electrónico |
| Estado de retiro | Estado de pérdida | Estado dañado | No para préstamo | Código de colección | Localización permanente | Ubicación/localización actual | Ubicación en estantería | Fecha de adquisición | Total de préstamos | Fecha visto por última vez | Identificador Uniforme del Recurso | Precio válido a partir de | Tipo de ítem Koha |
|---|---|---|---|---|---|---|---|---|---|---|---|---|---|
| Acceso abierto | Bib. Gregorio Torres Quintero | Bib. Gregorio Torres Quintero | En línea | 11/11/2024 | 11/11/2024 | https://www.apostadigital.com/revistav3/hemeroteca/mcubero.pdf | 11/11/2024 | Artículo Electrónico |
